| 000 | 00463nam a22001577a 4500 | ||
|---|---|---|---|
| 003 | macl | ||
| 005 | 20160331154302.0 | ||
| 008 | 150916b xxu||||| |||| 00| 0 eng d | ||
| 040 | _cmacl | ||
| 082 | _a320 | ||
| 100 |
_aकश्यप, सुभाष _911654 |
||
| 245 | _aहमारी संसद | ||
| 260 |
_bनेशनल बुक ट्रस्ट _c2005 |
||
| 650 |
_aपोलीटिकल साइंस _911655 |
||
| 942 |
_2ddc _cHIN |
||
| 999 |
_c50318 _d50318 |
||